000 00841nam a2200241Ia 4500
005 20220204102052.0
008 210716s2003 xx 000 0 und d
020 _a8120320425
040 _cAIMIT LIBRARY
041 _aeng
082 _a658.4
_28
_b HERP
100 _aHersey, Paul.
_916278
245 _aManagement of organizational behavior:
_bleading human resources /
_cBy Hersey Paul, Kenneth H. Blanchard and Dewey E. Johnson.
250 _a8th ed.
260 _aNew Delhi :
_bPrentice Hall of India PVt Ltd ,
_c2003.
300 _aXxiv, 516p. ;
_c23.5 cm.
650 _aPlanning and implementing change
_916279
650 _aEffective communication
_916374
650 _aDiagnosing the environment
_916375
700 _aBlanchard, Kenneth H.
_916376
700 _aJohnson, Dewey E.
_916377
942 _2ddc
_cBK
_e8th
_k658.4 HERP
999 _c197458
_d197458